Normal view
MARC view
Entry Personal Name
001 - CONTROL NUMBER
- control field: 615
003 - CONTROL NUMBER IDENTIFIER
- control field: AM-YEHGA
005 - DATE AND TIME OF LATEST TRANSACTION
- control field: 20250617070421.0
008 - FIXED-LENGTH DATA ELEMENTS
- fixed length control field: 040701 a|ac|n|aab||||||||||||a |n|||||||
040 ## - CATALOGING SOURCE
- Original cataloging agency: AM-YEHGA
046 ## - SPECIAL CODED DATES
- Birth date: 1986 թ.
100 ## - HEADING--PERSONAL NAME
- Personal name: Արսենյան, Լիլիթ Արսենի,
- Dates associated with a name: 1986-
370 ## - ASSOCIATED PLACE
- Place of birth: Երևան
- Associated country: Հայաստանի Հանրապետություն
- Place of residence/headquarters: Երևան
372 ## - FIELD OF ACTIVITY
- Field of activity: Գեղանկարչություն
373 ## - ASSOCIATED GROUP
- Associated group: Երևանի գեղարվեստի պետական ակադեմիա
- End period: 2009
374 ## - OCCUPATION
- Occupation: Նկարչուհի
375 ## - GENDER
- Gender: Իգական
377 ## - ASSOCIATED LANGUAGE
- Language code: arm
400 1# - SEE FROM TRACING--PERSONAL NAME
- Personal name: Արսենյան, Լիլիթ,
- Dates associated with a name: 1986-
400 1# - SEE FROM TRACING--PERSONAL NAME
- Personal name: Арсенян, Лилит,
- Dates associated with a name: 1986-
400 1# - SEE FROM TRACING--PERSONAL NAME
- Personal name: Arsenyan, Lilit,
- Dates associated with a name: 1986-
670 ## - SOURCE DATA FOUND
- Source citation: Կենսագրական տեղեկությունները վերցված են նկարչուհու «Հովհաննես Զարդարյան» գրքից:
ՀՀ Գիտությունների ազգային ակադեմիայի հիմնարար գիտական գրադարան = Fundamental Scientific Library of NAS RA
All site content, except where otherwise noted, is licensed under a